00426nam a22001457a 4500999001900000005001700019010001700036020002600053037003100079245002400110260005000134270005000184300002900234942001700263 c196220d19622020230607112334.0 aCHEN 25.5.23 a9788131942062c450.00 bB.Jain Publishers (P) Ltd. aEarth:b500 Facts / aNoida, U.P.bB.Jain Publishers (P) Ltd.c202? aD-157, Sector 63, Noida bNoida, U.P.e201307 a192p.bcol.illc24cm(Hb) 2ddccCHmEAR